[Event "Russian Blitz Internet Cup Superfinal"]
[Site "chessassistantclub.com INT"]
[Date "2004.12.28"]
[Round "17"]
[White "Vlassov,N"]
[Black "Adams,Mi"]
[Result "0-1"]
[WhiteElo "2492"]
[BlackElo "2740"]

1.e4 Nf6 2.Nc3 e5 3.Bc4 Nc6 4.Nf3 Bb4 5.Nd5 d6 6.O-O Bc5 7.d4 Nxd4 8.Nxd4 Bxd4
9.Bg5 c6 10.Nxf6+ gxf6 11.Bh4 h5 12.c3 Bb6 13.Qf3 Rh6 14.h3 Be6 15.Bxe6 fxe6
16.Rad1 Qe7 17.Rd3 O-O-O 18.Rfd1 d5 19.b4 Kb8 20.a4 Rg8 21.a5 Bc7 22.a6 bxa6
23.Ra1 Bb6 24.Rxa6 Qh7 25.Qe2 Qxe4 26.Qxe4 dxe4 27.Rd6 f5 28.Rxc6 Rhg6 29.Kf1 f4
30.Rc4 Rxg2 31.Rxe4 Rh2 32.Rxe5 Rxh3 33.Bg5 f3 34.Ke1 Rh1+ 35.Kd2 Bxf2 36.Raxe6 Bb6
37.Bf4 Rd8+ 38.Kc2 Ka8 39.Bg5 f2 40.Rf5 Rg8 41.Ref6 f1=Q 42.Rxf1 Rxf1 43.Rxf1 Rxg5
44.c4 h4 45.c5 Bc7 46.Rf7 Kb7 47.Rh7 Rg4 48.Kb3 Kc6 49.Ka4 a6 50.Rh6+ Kd5
51.Rxa6 h3 52.Rh6 h2 53.Kb5 Rg1 54.Rh5+ Ke6 55.Kc6 Be5 56.Rh6+ Kf7 57.b5 h1=Q+
58.Rxh1 Rxh1 59.b6 Ke6 60.b7 Ra1 61.Kb6 Rb1+ 62.Kc6 Ke7 63.Kd5 Rxb7 64.Kxe5 Kd7
65.Kd5 Kc7 66.Kc4 Ra7 67.Kb5 Ra1 68.Kc4 Rc1+ 69.Kd5 Kd7 70.Kd4 Kc6 71.Kd3 Kxc5
72.Kd2 Rh1 73.Kd3 Rh4 74.Ke3 Kd5 75.Kf3 Kd4 76.Kg3 Re4 77.Kf3 Re3+ 78.Kf4 Re5
79.Kf3 Re4 80.Kf2 Re3 81.Kg2 Ke4 82.Kf2 Kf4 83.Kg2 Rf3 84.Kh2 Rg3 85.Kh1 Kf3
86.Kh2 Rg6 87.Kh1 Kf2 88.Kh2 Rh6+  0-1

[Event "Russian Blitz Internet Cup Superfinal"]
[Site "chessassistantclub.com INT"]
[Date "2004.12.28"]
[Round "18"]
[White "Panarin,M"]
[Black "Adams,Mi"]
[Result "0-1"]
[WhiteElo "2482"]
[BlackElo "2740"]

1.e4 e5 2.Nf3 Nc6 3.Bb5 a6 4.Ba4 Nf6 5.Qe2 b5 6.Bb3 Be7 7.c3 O-O 8.O-O d5
9.d3 Re8 10.h3 h6 11.Rd1 Bf8 12.Nbd2 Be6 13.Nf1 Qd7 14.Ng3 Rad8 15.Be3 Qc8
16.Rac1 a5 17.Bc2 a4 18.Bb1 Qb7 19.Nh2 b4 20.Nh5 Nxh5 21.Qxh5 a3 22.exd5 Bxd5
23.c4 axb2 24.cxd5 bxc1=Q 25.Rxc1 Nd4 26.Bxd4 exd4 27.Rc6 Re1+  0-1

[Event "ch-FRA Top 16 GpA"]
[Site "Noyon FRA"]
[Date "2005.03.31"]
[Round "4"]
[White "Adams,Mi"]
[Black "Rocha,S"]
[Result "1-0"]
[WhiteElo "2741"]
[BlackElo "2400"]

1.e4 c5 2.Nf3 d6 3.d4 cxd4 4.Nxd4 Nf6 5.Nc3 g6 6.Be3 Bg7 7.f3 O-O 8.Qd2 Nc6
9.O-O-O d5 10.exd5 Nxd5 11.Nxc6 bxc6 12.Bd4 e5 13.Bc5 Be6 14.Ne4 Re8 15.h4 h6
16.g4 Qc7 17.g5 h5 18.Bc4 Red8 19.Qf2 a5 20.a4 Qb7 21.Rhe1 Rab8 22.b3 Qc7
23.Rd2 Ra8 24.Qg1 Kh8 25.Red1 Rac8 26.Kb1 Rb8 27.Rd3 Rb7 28.Qe1 Ra8 29.Bd6 Qd8
30.Ba3 Rbb8 31.Bb2 Qe7 32.R3d2 Nc3+ 33.Bxc3 Bxc4 34.Rd7 Qf8 35.Nd6 Be6 36.Rc7 c5
37.Bxe5 c4 38.Nxc4 Bf5 39.Qc3  1-0

[Event "ch-FRA Top 16 GpA"]
[Site "Noyon FRA"]
[Date "2005.04.02"]
[Round "6"]
[White "Hamdouchi,H"]
[Black "Adams,Mi"]
[Result "1/2-1/2"]
[WhiteElo "2555"]
[BlackElo "2741"]

1.e4 e5 2.Nf3 Nc6 3.Bb5 a6 4.Ba4 Nf6 5.O-O Be7 6.Re1 b5 7.Bb3 d6 8.c3 O-O
9.h3 Na5 10.Bc2 c5 11.d3 Nd7 12.Nbd2 Nb6 13.Nf1 Nc6 14.Ne3 Be6 15.Bb3 Rc8
16.Bd5 Bxd5 17.Nxd5 Nxd5 18.exd5 Nb8 19.a4 Nd7 20.axb5 axb5 21.Ra7 Ra8 22.Rb7 Rb8
23.Rxb8 Qxb8 24.d4 Bf6 25.dxe5 Nxe5 26.Nxe5 Bxe5 27.Bg5 Re8 28.f4 Bf6 29.Bxf6 Rxe1+
30.Qxe1 gxf6 31.Qe7 Kg7 32.b4 c4 33.Kh2 Qb6 34.Qe2 Qb7 35.Qg4+ Kh8 36.Qf5 Qe7
37.Qc8+ Qd8  1/2-1/2

[Event "Corus A"]
[Site "Wijk aan Zee NED"]
[Date "2006.01.19"]
[Round "5"]
[White "Aronian,L"]
[Black "Adams,Mi"]
[Result "1/2-1/2"]
[WhiteElo "2752"]
[BlackElo "2707"]

1.d4 Nf6 2.c4 e6 3.Nc3 Bb4 4.e3 O-O 5.Ne2 d5 6.a3 Be7 7.cxd5 exd5 8.b4 Bf5
9.f3 h6 10.Ng3 Bg6 11.Bd3 Bd6 12.Nf5 Nc6 13.Qc2 Bxf5 14.Bxf5 a5 15.b5 Ne7
16.Bh3 Nh7 17.g3 c5 18.bxc6 bxc6 19.O-O c5 20.dxc5 Bxc5 21.Kh1 Ng5 22.Bg2 Rc8
23.f4 Ne4 24.Bxe4 dxe4 25.Rd1 Qe8 26.Qxe4 Rc6 27.Qf3 Qa8 28.Rd3 Rd8 29.Rxd8+ Qxd8
30.Rb1 Bxa3 31.Bxa3 Rxc3 32.Rd1 Qe8 33.Bxe7 Qxe7 34.Qa8+ Kh7 35.e4 Re3 36.e5 Qb4
37.Qd5 a4 38.f5 Re1+ 39.Rxe1 Qxe1+ 40.Kg2 Qe2+ 41.Kg1 Qe1+ 42.Kg2 Qe2+ 43.Kg1 a3
44.Qxf7 Qe1+ 45.Kg2 Qxe5 46.Qa7 Qb2+ 47.Kh3 Kg8 48.Qe3 Kf8 49.Qc5+ Ke8 50.Qc8+ Ke7
51.Qc7+ Kf6 52.Qd6+ Kxf5 53.Qd5+ Kf6 54.Qd6+ Kf7 55.Qd7+ Kg6 56.Qd3+ Kf7
57.Qd7+ Kf6  1/2-1/2

[Event "30th Congress"]
[Site "Kilkenny IRL"]
[Date "2006.11.24"]
[Round "2"]
[White "Adams,Mi"]
[Black "Heidenfeld,M"]
[Result "1/2-1/2"]
[WhiteElo "2735"]
[BlackElo "2365"]

1.e4 e5 2.Nf3 Nc6 3.Bb5 a6 4.Ba4 Nf6 5.O-O Be7 6.Re1 b5 7.Bb3 O-O 8.d4 Nxd4
9.Nxd4 exd4 10.e5 Ne8 11.c3 d6 12.Qf3 Be6 13.cxd4 Bxb3 14.axb3 dxe5 15.dxe5 c5
16.Rd1 Qc8 17.Nc3 Nc7 18.Qc6 Ne6 19.Nd5 Bh4 20.Qxc8 Rfxc8 21.Be3 Bd8 22.f4 Rc6
23.Kf2 f5 24.exf6 Bxf6 25.Nxf6+ gxf6 26.Rd7 Rd8 27.Rad1 Rxd7 28.Rxd7 Nd4
29.b4 Nb3 30.Rd3 c4 31.Rd8+ Kg7 32.f5 h5 33.Rd7+ Kg8 34.Bh6 a5 35.bxa5 Nc5
36.Rg7+ Kh8 37.Kg3 b4 38.Kh4 c3 39.bxc3 b3 40.Kxh5 b2 41.Kg6 b1=Q 42.Rh7+ Kg8
43.Rg7+ Kh8 44.Rh7+  1/2-1/2

[Event "30th Congress"]
[Site "Kilkenny IRL"]
[Date "2006.11.25"]
[Round "4"]
[White "Adams,Mi"]
[Black "Atlas,V"]
[Result "1-0"]
[WhiteElo "2735"]
[BlackElo "2482"]

1.e4 c5 2.Nf3 e6 3.d4 cxd4 4.Nxd4 Nf6 5.Nc3 d6 6.g4 h6 7.h3 Nc6 8.Be3 g5
9.Qd2 Ne5 10.O-O-O a6 11.f4 gxf4 12.Bxf4 Bd7 13.Be2 Qc7 14.Rhf1 Ng8 15.Bg3 O-O-O
16.Nf3 f6 17.Kb1 Rh7 18.Qe3 Be7 19.Rd4 Rf7 20.Rfd1 Bc6 21.a4 Kb8 22.Bc4 Bd7
23.Bb3 Rff8 24.Bf2 Qc5 25.Qe2 Qa5 26.Nd2 b5 27.Ba2 Nc6 28.Nb3 Nxd4 29.Rxd4 Qc7
30.axb5 axb5 31.Nxb5 Qb7 32.Rb4 d5 33.Nc5 Bxc5 34.Bxc5 Bc8 35.Nd4  1-0

[Event "World Cup"]
[Site "Khanty-Mansiysk RUS"]
[Date "2007.11.24"]
[Round "1.1"]
[White "Adams,Mi"]
[Black "Zugic,I"]
[Result "1/2-1/2"]
[WhiteElo "2729"]
[BlackElo "2477"]

1.e4 e6 2.d4 d5 3.Nd2 c5 4.Ngf3 Nc6 5.exd5 exd5 6.Bb5 Bd6 7.dxc5 Bxc5 8.O-O Ne7
9.Nb3 Bd6 10.Re1 O-O 11.Bd3 h6 12.h3 Nf5 13.c3 Qf6 14.Bc2 Rd8 15.Qd3 g6 16.Qd2 Bf8
17.Qf4 Bd6 18.Qd2 Bf8 19.Qe2 Nd6 20.Nbd4 Re8 21.Qf1 Rxe1 22.Qxe1 Bd7 23.Bb3 Nc4
24.Bxc4 dxc4 25.Be3 Nxd4 26.Bxd4 Qe6 27.Qd2 Qd5 28.Rd1 Bxh3 29.Qf4 Qf5 30.Qg3 Bg4
31.Nh4 Qg5 32.Be3 Qh5 33.Rd4 Be6 34.Nf3 Qa5 35.Rh4 h5 36.Ng5 Qf5 37.Nxe6 Qxe6
38.Rxh5 Bg7 39.Rh4 Bf6 40.Rg4 Bg7 41.Qf3 Re8 42.a4 b6 43.Rh4 Bf6 44.Rh1 Rd8
45.g3 Rd5 46.Kg2 Qf5 47.Bf4 Rd3 48.Qa8+ Rd8 49.Qf3 Rd3 50.Qa8+ Rd8 51.Qf3  1/2-1/2

[Event "Corus A"]
[Site "Wijk aan Zee NED"]
[Date "2009.01.28"]
[Round "10"]
[White "Aronian,L"]
[Black "Adams,Mi"]
[Result "1-0"]
[WhiteElo "2750"]
[BlackElo "2712"]

1.d4 Nf6 2.c4 e6 3.g3 d5 4.Nf3 dxc4 5.Bg2 Nc6 6.Qa4 Bb4+ 7.Bd2 Nd5 8.Bxb4 Nxb4
9.Nc3 a6 10.Ne5 O-O 11.Nxc6 Nxc6 12.Bxc6 bxc6 13.Qxc4 Rb8 14.b3 Qd6 15.Ne4 Qb4+
16.Qxb4 Rxb4 17.O-O-O e5 18.Rd2 a5 19.Rhd1 a4 20.Nc5 axb3 21.axb3 Be6 22.Kb2 Rb5
23.Rc1 Rfb8 24.Rc3 exd4 25.Rxd4 h6 26.Nxe6 fxe6 27.Rd7 R8b7 28.Rd4 Kf7 29.h4 Ke7
30.Re4 R7b6 31.Rce3 c5 32.Rg4 Kf7 33.Rf3+ Kg8 34.Rc3 Rd6 35.Ra4 Kf7 36.Kc2 Ke7
37.Rg4 Ra5 38.Rxg7+ Kf6 39.Rxc7 Ra2+ 40.Kc1 Rxe2 41.Rf3+ Kg6 42.Rxc5 Rdd2
43.h5+ Kg7 44.Rc7+ Kg8 45.Re3  1-0

[Event "7th Staunton Memorial"]
[Site "London ENG"]
[Date "2009.08.08"]
[Round "1"]
[White "Adams,Mi"]
[Black "Van Wely,L"]
[Result "1/2-1/2"]
[WhiteElo "2699"]
[BlackElo "2655"]

1.e4 c5 2.Nf3 d6 3.d4 cxd4 4.Nxd4 Nf6 5.Nc3 a6 6.Be2 e6 7.O-O Be7 8.Be3 Qc7
9.f4 O-O 10.Bf3 Nc6 11.Nxc6 bxc6 12.Na4 Bb7 13.c4 c5 14.Qc2 Nd7 15.b3 Rac8
16.Rad1 Nb8 17.Qf2 Rfd8 18.g3 Bc6 19.Nc3 Bf6 20.Ne2 Bb7 21.g4 g6 22.g5 Bg7
23.Rd2 Nc6 24.h4 a5 25.h5 a4 26.h6 Bh8 27.Bg2 axb3 28.axb3 Rb8 29.Rfd1 Ba8
30.Rd3 Nb4 31.R3d2 Nc6 32.Rd3 Nb4  1/2-1/2

[Event "7th Staunton Memorial"]
[Site "London ENG"]
[Date "2009.08.10"]
[Round "3"]
[White "Adams,Mi"]
[Black "Smeets,J"]
[Result "0-1"]
[WhiteElo "2699"]
[BlackElo "2632"]

1.e4 e5 2.Nf3 Nf6 3.Nxe5 d6 4.Nf3 Nxe4 5.d4 d5 6.Bd3 Nc6 7.O-O Be7 8.c4 Nb4
9.cxd5 Nxd3 10.Qxd3 Qxd5 11.Re1 Bf5 12.Ne5 O-O-O 13.Qf3 g6 14.g4 Bb4 15.Re2 Bxg4
16.Nxg4 Nc3 17.Qxd5 Nxe2+ 18.Kf1 Rxd5 19.Kxe2 Rxd4 20.Ne3 Rh4 21.Nf1 Bd6
22.Be3 Bxh2 23.Nxh2 Rxh2 24.Nd2 Re8 25.Rc1 b6 26.Kf3 Rh3+ 27.Kg2 Rh5 28.Rc4 Rd5
29.Kf3 Re6 30.b3 Kd7 31.Rf4 f6 32.Rh4 h5 33.Nc4 c5 34.Ke2 Rd4 35.Rh1 Ke7
36.Nb2 Kf7 37.Kf3 Rd5 38.Ke2 Rd4 39.Kf3 Rd7 40.Ke2 Re4 41.Kf3 Re8 42.Kg3 Rh8
43.f4 Ke6 44.Kf3 Kf5 45.Rg1 Rg7 46.Rd1 g5 47.fxg5 fxg5 48.Rd5+ Ke6 49.Ke4 h4  0-1

[Event "7th Staunton Memorial"]
[Site "London ENG"]
[Date "2009.08.14"]
[Round "7"]
[White "Adams,Mi"]
[Black "Werle,J"]
[Result "1/2-1/2"]
[WhiteElo "2699"]
[BlackElo "2575"]

1.e4 e5 2.Nf3 Nc6 3.Nc3 Nf6 4.Bb5 Bb4 5.O-O O-O 6.d3 d6 7.Bg5 Bxc3 8.bxc3 Qe7
9.Re1 Nd8 10.d4 Bg4 11.h3 Bh5 12.g4 Bg6 13.d5 c6 14.Bd3 Rc8 15.c4 b6 16.Nd2 h6
17.Bh4 Bh7 18.f3 g5 19.Bf2 Nd7 20.a4 Nb7 21.Nb3 Rc7 22.Qd2 Rfc8 23.Ra2 Bg6
24.h4 f6 25.a5 Nbc5 26.axb6 axb6 27.h5 Be8 28.Nc1 Nxd3 29.cxd3 c5 30.Ne2 Nf8
31.Rb1 Rb7 32.Ng3 Bd7 33.Ra6 Qd8 34.Qa2 Rcb8 35.Be1 Qc7 36.Bc3 Kf7 37.Kg2 Ke8
38.Rb3 Bc8 39.Nf1 Bd7 40.Ne3 Bc8 41.Kf2 Bd7 42.Kg2 Bc8 43.Qb1 Bd7 44.Ra2 Bc8
45.Rab2 Kf7 46.Kf2 Ke8 47.Ke2 Kf7 48.Kd2 Ke8 49.Ra3 Bd7 50.Qa1 Kd8 51.Ra6 Bc8
52.Nc2 Bd7 53.Rba2 Bc8 54.R6a3 Bd7 55.Ra7 Rxa7 56.Rxa7 Rb7 57.Ra8+ Rb8 58.Ra3 Qc8
59.Ne3 Qc7 60.Kc2 Qc8 61.Ra6 Qc7 62.Nf5 Bxf5 63.exf5 Nd7 64.Qa4 Rb7 65.Ra8+ Rb8
66.Ra7  1/2-1/2

[Event "7th Staunton Memorial"]
[Site "London ENG"]
[Date "2009.08.15"]
[Round "8"]
[White "Smeets,J"]
[Black "Adams,Mi"]
[Result "1/2-1/2"]
[WhiteElo "2632"]
[BlackElo "2699"]

1.e4 e5 2.Nf3 Nc6 3.Bb5 Bc5 4.O-O Nd4 5.Nxd4 Bxd4 6.c3 Bb6 7.d4 c6 8.Bc4 d6
9.Be3 Nf6 10.dxe5 dxe5 11.Qxd8+ Bxd8  1/2-1/2

[Event "17th TCh-Eur"]
[Site "Novi Sad SRB"]
[Date "2009.10.27"]
[Round "6"]
[White "Ragger,M"]
[Black "Adams,Mi"]
[Result "1/2-1/2"]
[WhiteElo "2561"]
[BlackElo "2682"]

1.Nf3 Nf6 2.c4 e6 3.g3 b6 4.Bg2 Bb7 5.O-O Be7 6.Nc3 O-O 7.Re1 c5 8.e4 d6
9.d4 cxd4 10.Nxd4 Qc8 11.Be3 Nc6 12.b3 Nxd4 13.Bxd4  1/2-1/2

[Event "8th Gibtelecom Masters"]
[Site "Caleta ENG"]
[Date "2010.01.31"]
[Round "6"]
[White "Gustafsson,J"]
[Black "Adams,Mi"]
[Result "1/2-1/2"]
[WhiteElo "2627"]
[BlackElo "2694"]

1.d4 Nf6 2.c4 e6 3.Nf3 b6 4.g3 Ba6 5.Qc2 Bb4+ 6.Bd2 Be7 7.e4 d5 8.cxd5 Bxf1
9.Kxf1 exd5 10.e5 Ne4 11.Nc3 Nxd2+ 12.Nxd2 Qd7 13.Kg2 Nc6 14.Rhd1 Nxd4 15.Qd3 Ne6
16.Qxd5 Qxd5+ 17.Nxd5 c6 18.Ne3 O-O-O 19.Nf5 Rd7 20.Ne4 Rhd8 21.Rxd7 Rxd7
22.Rc1 Kc7 23.f4 c5 24.Nxe7 Rxe7 25.Kf3 Nd4+ 26.Ke3 f6 27.exf6 gxf6 28.Kd3 f5
29.Nc3 Kc6 30.b4 Rd7 31.Ke3 Re7+ 32.Kd3 Rd7 33.Ke3 c4 34.Ne4 Kb5 35.Nd2 Nc6
36.Nxc4 Nxb4 37.Ne5 Rd6 38.a3 Nd5+  1/2-1/2

[Event "8th Gibtelecom Masters"]
[Site "Caleta ENG"]
[Date "2010.02.01"]
[Round "7"]
[White "Adams,Mi"]
[Black "Zhukova,N"]
[Result "1/2-1/2"]
[WhiteElo "2694"]
[BlackElo "2462"]

1.e4 Nf6 2.e5 Nd5 3.d4 d6 4.Nf3 g6 5.Bc4 Nb6 6.Bb3 Bg7 7.Qe2 O-O 8.h3 Nc6
9.O-O Na5 10.Nc3 Nxb3 11.axb3 Bf5 12.Ne4 Qd7 13.Ng3 a6 14.Re1 h6 15.Nh4 e6
16.Ne4 Bxe4 17.Qxe4 dxe5 18.dxe5 Qd5 19.Qe2 Qb5 20.Qe4 Qd5 21.Qg4 Qc6 22.c3 Nd7
23.Nf3 Nc5 24.Qh4 Nd3 25.Bxh6 Nxe1 26.Rxe1 f6 27.exf6 Rxf6 28.Ne5 Qe8 29.Ng4 Rf5
30.Bxg7 Kxg7 31.Qh6+ Kg8 32.Re5 Qf7 33.Qh4 g5 34.Qh6 Re8 35.Rxf5 Qxf5 36.Qh5 Kf8
37.Qh8+ Ke7 38.Qd4 Rd8 39.Qb4+ Ke8 40.Qxb7 Rd1+ 41.Kh2 Qf4+ 42.g3 Qd6 43.c4 Rb1
44.Qe4 Qd1 45.Qxe6+ Kd8 46.Qf6+ Kc8 47.Qxa6+ Kb8 48.Qb5+ Ka7 49.Qa4+ Kb8
50.Qb5+ Ka7 51.Qc5+ Kb8 52.Qb5+  1/2-1/2

[Event "IsBank TCh-TUR"]
[Site "Konya TUR"]
[Date "2010.06.29"]
[Round "1"]
[White "Erdogan,H"]
[Black "Adams,Mi"]
[Result "0-1"]
[WhiteElo "2271"]
[BlackElo "2697"]

1.d4 Nf6 2.c4 e6 3.Nf3 c5 4.Nc3 cxd4 5.Nxd4 d5 6.cxd5 Nxd5 7.e4 Nxc3 8.bxc3 Nd7
9.Bd3 Bc5 10.Qh5 e5 11.Nb3 O-O 12.O-O Bb6 13.Be2 Qc7 14.Ba3 Nf6 15.Qh4 Rd8
16.c4 a5 17.Rad1 Be6 18.Bb2 a4 19.Nc1 h6 20.Rd5 Bxd5 21.exd5 Rac8 22.Rd1 Ba7
23.Bd3 Qe7 24.Bf5 Nxd5 25.Qg3 Ne3 26.Rxd8+ Rxd8 27.fxe3 Rd1+ 28.Kf2 Rd2+
29.Kf1 Rxb2 30.Qf3 Qc5 31.Nd3 Qxc4 32.Kg1 Rd2 33.Ne1  0-1

[Event "IsBank TCh-TUR"]
[Site "Konya TUR"]
[Date "2010.07.08"]
[Round "13"]
[White "Adams,Mi"]
[Black "Esen,B"]
[Result "1-0"]
[WhiteElo "2697"]
[BlackElo "2521"]

1.e4 c5 2.Nf3 d6 3.d4 cxd4 4.Nxd4 Nf6 5.Nc3 a6 6.a4 e5 7.Nf3 Qc7 8.Be3 Be7
9.Be2 O-O 10.O-O b6 11.Qd3 Bb7 12.Nh4 g6 13.Bh6 Rd8 14.Nf5 Bf8 15.Bg5 Nbd7
16.Ne3 Be7 17.Qc4 Qb8 18.Bxf6 Nxf6 19.Ned5 Bxd5 20.Nxd5 Ra7 21.Rfd1 Nxd5
22.Qxd5 Kg7 23.Bc4 Rf8 24.Ra3 Rc7 25.Rf3 Qe8 26.Bb3 f6 27.Qd2 a5 28.Rc3 Rxc3
29.Qxc3 Qc8 30.Qe3 Qc5 31.Qe2 f5 32.exf5 Rxf5 33.Rd5 Qc7 34.g3 Rf8 35.h4 Qc8
36.Rd3 Qf5 37.Bd5 Qd7 38.Qe4 Rc8 39.Rf3 Bf6 40.Kg2 Rc5 41.b3 Rc8 42.h5 Qe7
43.Qg4 Rc5 44.c4 Rc7 45.Qh3 Qd8 46.Qe6 Bg5 47.hxg6 hxg6 48.Be4 Bf6 49.Rd3 Rd7
50.Qg4 Bg5 51.f4 exf4 52.gxf4 Bf6 53.Qxg6+ Kf8 54.Rg3 d5 55.Bxd5  1-0

[Event "Gibraltar Masters"]
[Site "Caleta ENG"]
[Date "2011.02.01"]
[Round "8.5"]
[White "Ikonnikov,Vy"]
[Black "Adams,Mi"]
[Result "1/2-1/2"]
[WhiteElo "2580"]
[BlackElo "2723"]

1.d4 Nf6 2.Nf3 e6 3.c4 d5 4.Nc3 Be7 5.Bg5 h6 6.Bh4 O-O 7.e3 b6 8.Bd3 Bb7
9.O-O Nbd7 10.Rc1 c5 11.Qe2 cxd4 12.exd4 a6 13.cxd5 Nxd5 14.Nxd5 Bxd5 15.Bg3 b5
16.Bc7 Qe8 17.Ne5 Rc8 18.a4 Nxe5 19.Bxe5 bxa4 20.Qg4 Bg5 21.h4 f5 22.Qg3 Bf6
23.Bxa6 Bxe5 24.dxe5 Rxc1 25.Rxc1 Qb8 26.h5 Kh8 27.Qa3 Rg8 28.Qxa4 Qxb2 29.Qf4 Ra8
30.Bf1 Qb8 31.Be2 Ra2 32.Bf1 Ra5 33.Qg3 Ra7 34.Qg6 Ra8 35.Qg3 Qb6 36.Kh2 Rf8
37.Kg1 Rd8 38.Kh2 Ra8  1/2-1/2

[Event "Gibraltar Open"]
[Site "Caleta ENG"]
[Date "2012.01.26"]
[Round "3.2"]
[White "Adams,Mi"]
[Black "Fridman,D"]
[Result "1-0"]
[WhiteElo "2724"]
[BlackElo "2660"]

1.e4 e6 2.d4 d5 3.Nd2 c5 4.Ngf3 cxd4 5.exd5 Qxd5 6.Bc4 Qd7 7.O-O Nc6 8.Nb3 Nf6
9.Qe2 a6 10.a4 Bd6 11.Bg5 O-O 12.Bxf6 gxf6 13.Nbxd4 Nxd4 14.Nxd4 Bxh2+ 15.Kxh2 Qxd4
16.Ra3 Kh8 17.Rg3 Qh4+ 18.Rh3 Qf4+ 19.g3 Qe5 20.Qd2 Qg5 21.f4 Qg7 22.a5 e5
23.f5 Qg5 24.Qxg5 fxg5 25.g4 Bd7 26.Kg3 Bc6 27.f6 Be4 28.Bd3 Bxd3 29.cxd3 Rad8
30.Kf2 Rd4 31.Rfh1 Rf4+ 32.Ke3 Rxf6 33.Rxh7+ Kg8 34.Rh8+ Kg7 35.R1h7+ Kg6
36.Rh6+ Kg7 37.R8h7+ Kg8 38.Rh8+ Kg7 39.R8h7+ Kg8 40.Rxf6 Kxh7 41.Ke4 Kg7
42.Rd6 Re8 43.Kf5 Re7 44.b4 Re8 45.Rd7 Rb8 46.Rd6 Re8 47.Rd7 Rb8 48.Rd5 b6
49.b5 Ra8 50.axb6 a5 51.Kxe5 a4 52.Kd6 a3 53.Rxg5+  1-0

[Event "Gibraltar Open"]
[Site "Caleta ENG"]
[Date "2012.01.29"]
[Round "6.1"]
[White "Gopal,G"]
[Black "Adams,Mi"]
[Result "1/2-1/2"]
[WhiteElo "2566"]
[BlackElo "2724"]

1.e4 e5 2.Nf3 Nc6 3.Bb5 a6 4.Ba4 Nf6 5.O-O Be7 6.d3 b5 7.Bb3 d6 8.a4 Bd7
9.c3 O-O 10.Bc2 Re8 11.Re1 h6 12.h3 Bf8 13.Nbd2 d5 14.exd5 Nxd5 15.axb5 axb5
16.Rxa8 Qxa8 17.Ne4 Qd8 18.Bb3 Nf6 19.Nh2 Nxe4 20.dxe4 Be6 21.Bxe6 Rxe6 22.Be3 Qxd1
23.Rxd1 b4 24.Nf3 bxc3 25.bxc3 f6 26.Kf1 Rd6 27.Ke2 Rxd1 28.Kxd1 h5 29.g4 hxg4
30.hxg4 Kf7 31.Ke2 Ke6 32.Kd3 Na5 33.Nd2 Be7 34.f3 g6 35.Bf2 f5 36.gxf5+  1/2-1/2

[Event "Gibraltar Open"]
[Site "Caleta ENG"]
[Date "2012.01.30"]
[Round "7.2"]
[White "Adams,Mi"]
[Black "Howell,D"]
[Result "1-0"]
[WhiteElo "2724"]
[BlackElo "2603"]

1.e4 e5 2.Nf3 Nc6 3.Bb5 f5 4.d3 fxe4 5.dxe4 Nf6 6.O-O d6 7.c4 Bg4 8.h3 Bh5
9.Nc3 Be7 10.c5 O-O 11.cxd6 Bxd6 12.Bxc6 bxc6 13.Qd3 Kh8 14.Nd2 Bc5 15.Qxd8 Raxd8
16.Nb3 Bd4 17.Be3 Bxc3 18.bxc3 Nxe4 19.Nc5 Nd2 20.Rfc1 Rfe8 21.c4 Bf7 22.Nb7 Rb8
23.Na5 Rb2 24.Nxc6 Nxc4 25.Bxa7 Bd5 26.a3 Ra8 27.Bc5 Rb5 28.Be7 h6 29.a4 Rb6
30.Nb4 Bg8 31.Rc3 Ra5 32.Kh2 Rb7 33.Nd3 Rba7 34.Re1 c6 35.Bc5 Rb7 36.Re4 Rd7
37.Bb4 Raa7 38.Nc5 Rd4 39.Rxd4 exd4 40.Rd3 Nb2 41.Rxd4 Nxa4 42.Rd6 Nxc5 43.Bxc5 Ra4
44.Bd4 Kh7 45.Be5 Re4 46.f4 Bf7 47.Rxc6 g5 48.Rc7 Kg6 49.Rc6+ Kh7 50.Rf6 Bd5
51.Rd6 Bf7 52.Kg3 gxf4+ 53.Bxf4 Re6 54.Rd7 Kg7 55.Kg4 Kg6 56.Rc7 Ra6 57.Rc5 Rb6
58.Kh4 Rb4 59.Rc6+ Kg7 60.Kg3 h5 61.Be5+ Kh7 62.Rd6 Re4 63.Bd4 Re6 64.Rd7 Kg6
65.Kf4 Ra6 66.Bc3 Rc6 67.Rd3 Kh6 68.Bd4 Ra6 69.Bb2 Rb6 70.Be5 Rb4+ 71.Bd4 Bg6
72.Rd2 Rb5 73.Re2 Rf5+ 74.Kg3 Bf7 75.Rb2 Bd5 76.Be3+ Kg6 77.Kh4 Re5 78.Bf4 Rf5
79.Bc7 Bf7 80.Rc2 Bd5 81.Rd2 Bf7 82.Bh2 Rd5 83.Rf2 Rf5 84.Re2 Bc4 85.Rd2 Bf7
86.Bc7 Rd5 87.Rf2 Rf5 88.Bf4 Ra5 89.Rd2 Rd5 90.Rb2 Rf5 91.Rb4 Rf6 92.Be5 Rc6
93.Bd4 Rd6 94.Be3 Re6 95.Bf4 Rf6 96.Rd4 Rc6 97.Rd3 Re6 98.Rc3 Re4 99.Rc6+ Re6
100.Rc5 Kh7 101.Be5 Kg6 102.Kg3 Ra6 103.Bd4 Rd6 104.Bc3 Ra6 105.Ba5 Rf6 106.Bc3 Ra6
107.Kh4 Ra4+ 108.g4 hxg4 109.Rc6+ Kh7 110.Kg5 Bb3 111.Rc8 Bg8 112.Rc7+ Bf7
113.Rxf7+ Kg8 114.Rg7+ Kf8 115.hxg4  1-0

[Event "Turkish Bank Chess League 2012"]
[Site "Konya TUR"]
[Date "2012.07.22"]
[Round "13"]
[White "Adams,Mi"]
[Black "Iordachescu,V"]
[Result "0-1"]
[WhiteElo "2723"]
[BlackElo "2636"]

1.e4 e5 2.Nf3 Nc6 3.Bb5 a6 4.Ba4 Nge7 5.c3 g6 6.d4 exd4 7.cxd4 b5 8.Bc2 d5
9.exd5 Nxd5 10.O-O Bg7 11.Bg5 Qd6 12.Nc3 O-O 13.Ne4 Qd7 14.Bb3 Na5 15.Ne5 Qe6
16.Nc5 Qd6 17.Ne4 Qe6 18.Bxd5 Qxd5 19.Nf6+ Bxf6 20.Bxf6 Nc4 21.Nxc4 bxc4
22.Qc1 Bb7 23.f3 Qf5 24.Be5 Bd5 25.Bxc7 Rac8 26.Bg3 Rfe8 27.Re1 f6 28.h4 Kg7
29.Qc3 g5 30.hxg5 Qxg5 31.Kf2 h5 32.Rxe8 Rxe8 33.Rh1 Kf7 34.Qc1 Qg6 35.Bf4 Re2+
36.Kxe2 Qxg2+ 37.Ke1 Qxh1+ 38.Kd2 Qxf3 39.Ke1 Qe4+ 40.Qe3 Qb1+ 41.Qc1 Qe4+
42.Qe3 Qxe3+ 43.Bxe3 c3 44.bxc3 Bxa2 45.Kf2 Ke6 46.Kg3 Kf5 47.Kh4 Ke4 48.Bf2 Bf7
49.c4 Bxc4 50.Kxh5 a5  0-1

[Event "41st GM"]
[Site "Dortmund GER"]
[Date "2013.07.26"]
[Round "1.4"]
[White "Fridman,D"]
[Black "Adams,Mi"]
[Result "1/2-1/2"]
[WhiteElo "2629"]
[BlackElo "2740"]

1.e4 e5 2.Nf3 Nc6 3.Nc3 Nf6 4.d4 exd4 5.Nxd4 Bb4 6.Nxc6 bxc6 7.Bd3 O-O 8.O-O d5
9.exd5 cxd5 10.h3 Rb8 11.Qf3 c6 12.Bf4 Bd6 13.b3 Rb4 14.Bxd6 Qxd6 15.Rfe1 Be6
16.Ne2 Re8 17.c3 Rb6 18.Ng3 Rbb8 19.Re2 Bd7 20.Rae1 Rxe2 21.Rxe2 g6 22.Nf1 a5
23.Qg3 Qxg3 24.Nxg3 a4 25.bxa4 Ra8 26.Bc2 c5 27.Nf1 Bxa4 28.Bxa4 Rxa4 29.Ne3 h5
30.f3 Ra3 31.Nd1 h4 32.Kf2 Kf8 33.Rb2 Nh5 34.Rd2 Nf4 35.Ne3 Rxc3 36.Nxd5 Nxd5
37.Rxd5 Rc2+ 38.Ke3 Rxa2 39.Rxc5 Rxg2 40.Rc4 g5 41.Rg4 Rg3 42.Kf2 Rxg4 43.fxg4 Ke7
44.Ke3 Kd6 45.Ke4 f6 46.Kf5 Ke7 47.Ke4 Ke6 48.Kd4 f5 49.gxf5+ Kxf5 50.Ke3 g4
51.hxg4+ Kxg4 52.Kf2 h3 53.Kg1 Kg3 54.Kh1 h2  1/2-1/2

[Event "41st GM"]
[Site "Dortmund GER"]
[Date "2013.08.02"]
[Round "7.3"]
[White "Adams,Mi"]
[Black "Khenkin,I"]
[Result "1-0"]
[WhiteElo "2740"]
[BlackElo "2605"]

1.e4 c6 2.d4 d5 3.Nd2 dxe4 4.Nxe4 Bf5 5.Ng3 Bg6 6.h4 h6 7.Nf3 Nf6 8.Ne5 Bh7
9.Bd3 Nbd7 10.Bxh7 Nxe5 11.dxe5 Qa5+ 12.Kf1 Nxh7 13.e6 Qd5 14.exf7+ Qxf7
15.Ne4 Nf6 16.Nxf6+ Qxf6 17.Rh3 e6 18.Be3 Be7 19.Bd4 Qg6 20.Rg3 Qf5 21.Rxg7 Rf8
22.Qg4 Rd8 23.Re1 Rd6 24.c3 h5 25.Qg6+ Kd8 26.Qxf5 Rxf5 27.Rg8+ Kd7 28.g3 c5
29.Be3 Bf6 30.Rf8 a6 31.Rf7+  1-0

[Event "41st GM"]
[Site "Dortmund GER"]
[Date "2013.08.03"]
[Round "8.3"]
[White "Meier,Geo"]
[Black "Adams,Mi"]
[Result "1/2-1/2"]
[WhiteElo "2610"]
[BlackElo "2740"]

1.d4 Nf6 2.c4 e6 3.g3 d5 4.Nf3 Bb4+ 5.Bd2 Be7 6.Bg2 c6 7.O-O Nbd7 8.Qc2 b6
9.Bf4 Bb7 10.Rd1 O-O 11.Ne5 Nh5 12.Bd2 Nhf6 13.cxd5 cxd5 14.Nc6 Bxc6 15.Qxc6 Rc8
16.Qb5 Ne8 17.Qa4 Nd6 18.Na3 Nf6 19.Rac1 Qd7 20.Qxd7 Nxd7 21.Bf1 a6 22.e3 Nb8
23.f3 f5 24.Rc2 Rxc2 25.Nxc2 Rc8 26.Ne1 a5 27.Kf2 g5 28.Bd3 Nd7 29.Ng2 Nf6
30.Ke2 Kf7 31.Rc1 Rxc1 32.Bxc1 g4 33.f4 Nfe4 34.a4 Ke8 35.b3 Nc3+ 36.Ke1 Nce4
37.Ke2 Nc3+ 38.Ke1 Nce4 39.Ke2 Nc3+  1/2-1/2

[Event "4NCL 2013-14"]
[Site "Hinckley ENG"]
[Date "2014.05.04"]
[Round "10.121"]
[White "Hawkins,Jo"]
[Black "Adams,Mi"]
[Result "1/2-1/2"]
[WhiteElo "2511"]
[BlackElo "2752"]

1.d4 Nf6 2.c4 e6 3.Nc3 Bb4 4.e3 b6 5.Ne2 c5 6.a3 Ba5 7.Rb1 Na6 8.Ng3 Bb7
9.f3 O-O 10.Bd3 d5 11.O-O dxc4 12.Bxc4 Bxc3 13.bxc3 Rc8 14.Qe2 Nb8 15.Bb2 Nd5
16.Rfc1 Qg5 17.f4 Qe7 18.f5 Qg5 19.fxe6 fxe6 20.Rf1 Kh8 21.Rxf8+ Rxf8 22.Rf1 Nd7
23.Rxf8+ Nxf8 24.e4 Nf6 25.Qe1 cxd4 26.cxd4 h5  1/2-1/2

[Event "42nd GM 2014"]
[Site "Dortmund GER"]
[Date "2014.07.12"]
[Round "1.2"]
[White "Naiditsch,A"]
[Black "Adams,Mi"]
[Result "1/2-1/2"]
[WhiteElo "2705"]
[BlackElo "2743"]

1.e4 e5 2.Nf3 Nc6 3.Bb5 Nf6 4.O-O Nxe4 5.d4 Nd6 6.Bxc6 dxc6 7.dxe5 Nf5 8.Qxd8+ Kxd8
9.h3 Bd7 10.Rd1 Be7 11.c4 Kc8 12.Nc3 b6 13.Bg5 Re8 14.g4 Bxg5 15.Nxg5 Nh4
16.f4 h6 17.Nge4 h5 18.gxh5 Rh8 19.Ng3 Bxh3 20.Kf2 Nf5 21.Nce4 Nh6 22.Rh1 Be6
23.b3 Kb7 24.Rad1 Rae8 25.Rd2 a5 26.a4 c5 27.Ng5 Bc8 28.Nf3 Kb8 29.Nh2 Ref8
30.Rg1 f6 31.exf6 Rxf6 32.Ne2 Nf5 33.Ng4 Rff8 34.Ne3 Rxh5 35.Nxf5 Bxf5 36.Rxg7 Rh2+
37.Rg2 Rh4 38.Kg1 Bg4 39.Rh2 Rxh2 40.Kxh2 Bxe2 41.Rxe2 Rxf4 42.Kg3 Rf1 43.Rf2 Re1
44.Rf3 Kc8 45.Kf2 Re6 46.Re3 Kd7 47.Kf3 Rd6 48.Ke2 Re6 49.Kd3 Rd6+  1/2-1/2

[Event "42nd GM 2014"]
[Site "Dortmund GER"]
[Date "2014.07.15"]
[Round "3.3"]
[White "Leko,P"]
[Black "Adams,Mi"]
[Result "1/2-1/2"]
[WhiteElo "2737"]
[BlackElo "2743"]

1.e4 e5 2.Nf3 Nc6 3.Bb5 Nf6 4.O-O Nxe4 5.d4 Nd6 6.Bxc6 dxc6 7.dxe5 Nf5 8.Qxd8+ Kxd8
9.h3 Bd7 10.Rd1 Be7 11.g4 Nh4 12.Nxh4 Bxh4 13.Nd2 Kc8 14.Nf3 Be7 15.Bg5 Bc5
16.Rd3 Be6 17.Be3 Bxe3 18.Rxe3 Kd7 19.Rd1+ Ke7 20.Nd4 Rad8 21.Red3 g6 22.Nxe6 Rxd3
23.Rxd3 Kxe6 24.f4 h5 25.Kg2 hxg4 26.hxg4 a5 27.Kg3 Rh1 28.Rd8 g5 29.fxg5 Rg1+
30.Kf3 Rf1+ 31.Kg3 Rg1+ 32.Kf3 Rf1+ 33.Kg3 Rg1+  1/2-1/2